000 00741nam a22002057a 4500
005 20130315165646.0
010 _aENG-105092 B-491360-363
020 _a9788183822640
_c125.00
035 _aEN-88625 B-491360-363
037 _bDBAD/PUB
037 _bMallika Books/Ven
082 _a794.1
100 _aSaha, Shruti
245 _aLearn to play chess :
_cby Shruti Saha
_btactics & strategies /
260 _aNew Delhi
_bLotus Press
_c2012
270 _a4735/22,Prakash Deep Building,Ansari Road,Darya Ganj,
_bNew Delhi
_e110002
300 _a214p.
_c22cm(pbk)
_bill
942 _2ddc
_cEN
_mSAH
_h794.1
999 _c65554
_d65554